| 000 | 01767nam0a22003491 4500 | ||
|---|---|---|---|
| 001 | rc\3441607 | ||
| 005 | 20250610004419.0 | ||
| 021 |
_aRU _b[73-44338] |
||
| 035 | _a(NLR Aleph) 007590708 | ||
| 090 |
_a5608320 _c5608320 |
||
| 100 | _a20130115d1973 |||y0rusy50 ca | ||
| 101 | 0 | _arus | |
| 102 | _aRU | ||
| 105 | _aab z ||||| | ||
| 200 | 1 |
_aГидрогеохимические особенности подземных вод некоторых сейсмоактивных районов Узбекистана _f[Отв. ред. чл.-кор. АН УзССР Н.А. Кенесарин] _gАН УзССР. Ин-т сейсмологии |
|
| 210 |
_aТашкент _cФан _d1973 |
||
| 215 |
_a96 с. _cчерт., карт. _d26 |
||
| 300 | _aНа обл. загл.: Гидрогеохимические особенности сейсмоактивных районов Узбекистана | ||
| 300 | _aПеред загл. авт.: Г.А. Мавлянов, Х.К. Касимов, А.Н. Султанходжаев и др. | ||
| 320 | _aСписок лит.: с. 92-95 | ||
| 512 | 0 | _aГидрогеохимические особенности сейсмоактивных районов Узбекистана | |
| 606 |
_aСейсмические районы _xГидрогеохимия _yУзССР _2psbo |
||
| 701 | 1 |
_aСултанходжаев _bА.Н. |
|
| 701 | 1 |
_aКасимов _bХ.К. |
|
| 701 | 1 |
_4070 _7ca _8rus _aМавлянов _bГ. А. _f1910-1988 _gГани Арифханович _9267303 _3RU\NLR\AUTH\770267359 |
|
| 702 | 1 |
_aКенесарин _bН.А. _gНатай Азимханович _4340 |
|
| 801 | 0 |
_aRU _bNLR _gpsbo |
|
| 801 | 1 |
_aRU _bELAR _2rusmarc |
|
| 852 |
_aNLR _j73-7/659 |
||
| 942 | _cBOOK | ||
| 980 | _aNB | ||